000 00724nam a2200241Ia 4500
003 OSt
005 20220923230408.0
006 a|||||r|||| 00| 0
007 ta
008 220922b |||||||| |||| 00| 0 mar d
024 _a280,770
037 _cTextual
040 _aARTS
_cARTS
_bmar
041 _2mar
_amar
082 _aP155, M9
100 _aदेशपांडे, सौ0 प्रज्ञा
245 0 _aभटिृ, व्यक्ति आणि वाङ्मय
246 _aBhaṭiṛu, vyakti āṇi vānmaya
260 _c1989
300 _a211पृ0
_ccm.
942 _hP155, M9
_cTEXL
_2CC
999 _c384530
_d384530